Państwa, w których żyją Węgrzy - Statystyki

Ogólne statystyki
  • Ten quiz został rozwiązany 23 razy
  • Średni wynik to 8 z 11
Statystyki odpowiedzi
Liczba Państwo % Poprawnych
9 967 921 Węgry
100%
1 434 377 Rumunia
90%
520 528 Słowacja
90%
120 000 Niemcy
85%
293 299 Serbia
85%
1 563 081 Stany Zjednoczone
85%
156 600 Ukraina
75%
80 135 Wielka Brytania
75%
315 510 Kanada
65%
40-50 000 Argentyna
30%
80 000 Brazylia
30%
Nie znaleziono quizów pasujących do podanych kryteriów
Rozkład punktacji
Procent ludzi z każdym wynikiem
Percentyl według liczby udzielonych odpowiedzi
Twoja historia wyników
Nie rozwiązałeś tego quizu